000 00912cam a22002291 4500
001 sa 68017302
003 DLC
005 20260227112702.0
008 721113s1966 xx 000 0 ind
010 _asa 68017302
035 _a(OCoLC)493261
040 _aDLC
_cOAU
_dDLC
042 _apremarc
050 0 0 _aJQ763 1966
_b.K4
245 0 0 _aKetetapan² M. P. R. S. tonggak konstitusionil Orde Baru;
_c[himpunan dari beberapa tjeramah dan pidato Ketua Madjelis Permusjawaratan Rakjat Sementara] A. H. Nasution. [Tjet. 1.]
260 _aDjakarta,
_bPantjuran Tudjuh
_c[1966]
300 _axv, 294 p.
_billus., ports.
_c21 cm.
500 _a"Ketetapan-ketetapan Madjelis Permusjawaratan Rakjat Sementara sidang umum ke-IV tahun 1966": p. 87-243.
651 0 _aIndonesia
_xPolitics and government
_y1966-
700 1 _aNasution, Abdul Haris,
_d1918-2000.
710 1 _aIndonesia.
_bMajelis Permusyawaratan Rakyat.
999 _c87656
_d87656